Представление документа в формате RUSMARC

ПолеНазваниеЗначение
  Тип записи a
  Библиографический уровень m
001 Контрольный номер RU\bookru\bibl\919533
003 Постоянный идентификатор записи http://www.book.ru/book/919533
005 Дата корректировки 20161026112536.4
010 Индекс ISBN __
a ISBN 978-5-406-03772-0
100 Данные общей обработки 0_
a Данные общей обработки 20160221d2016 mk y0rusy50 ca
101 Язык документа 0_
a Язык текста Русский
102 Страна публикации __
a Страна публикации RU
105 Кодированные данные (монография) __
a Кодированные данные (монография) y ||||000yy
200 Заглавие и сведения об ответственности 1_
a Заглавие Основы рекламы: прикладные задачи и методы их решения (для бакалавров)
210 Выходные данные __
a Место издания Москва
c Издательство КноРус
d Дата издания 2016
215 Физическое описание __
a Объем 194
330 Аннотация __
a Аннотация Отражены современные теоретико-методологические основы рекламы, определено место рекламы в комплексе маркетинга, раскрыт потенциал средств распространения рекламной информации, изложены особенности деятельности рекламных агентств, представлены подходы к оценке эффективности рекламы с использованием статистических и эконометрических методов. Включены опорные конспекты лекций, информация о практических аспектах рекламного дела, тесты и темы рефератов, вопросы для самоконтроля, практические задания. Соответствует ФГОС ВО 3+. Для студентов бакалавриата, обучающихся по направлениям «Торговое дело», «Реклама и связи с общественностью», магистрантов, аспирантов и преподавателей.
606 Тематические рубрики __
a Основная рубрика Маркетинг. Реклама. Паблик рилейшнз
2 Код системы local
608 Указатель предметных рубрик __
a Жанр/форма Учебное пособие
2 Код системы local
675 Индекс УДК __
a Индекс УДК 659.1(075.8)
z Язык издания rus
686 Индексы других классификаций __
a Классификационный индекс 76.006.5я73
2 Код системы rubbk
700 Автор _1
a Фамилия Фролов Д.П. под ред., Попкова Е.Г. под ред. и др.
801 Источник записи _1
a Страна RU
b Организация book_ru
c Дата составления 20160221
g Правила каталогизации RCR
856 Электронный адрес документа 4_
u Универсальный указатель ресурса (URL) http://www.book.ru/book/919533
951 __
a http://www.book.ru/book/919533